000 01663cam a22004694i 4500
003 PE-LiUPU
005 20250731165543.0
008 150625s r 000 0 d
035 _a(Sirsi) a33754
040 _aPE-LiUPU
_bspa
_cPE-LiUPU
_erda
082 0 4 _a581.985
_bS72
_221
100 1 _aSoukup, Jaroslav, S.D.B.,
_d1902- ,
_eautor.
245 1 0 _aVocabulario de los nombres vulgares de la flora peruana /
_cJaroslav Soukup.
264 1 _aLima :
_bColegio Salesiano,
_c1970.
300 _a380 páginas ;
_c22 cm.
336 _atext
_2rdacontent
337 _aunmediated
_2rdamedia
338 _avolume
_2rdacarrier
505 0 _aVocabulario de los nombres vulgares de la flora peruana desde la A hasta la Z.
526 _aSEG44
526 _aSEG26
526 _aP151
526 _aP150
526 _aP149
526 _aP146
526 _aP145
526 _aP126
526 _aP125
526 _aP92
526 _aP75
526 _aP74
526 _aP27
526 _aP15
650 0 4 _aFlora
_zPerú
_xGlosarios, vocabularios, etc.
910 _bgl
_chf
_d20041231
942 _2ddc
_cBOOK
949 _aRC 581.985 S72
_wDEWEY
_c1
_i18992
_lCCODEBUL1
_mBUL
_p00.00
_r0
_sY
_tBOOK
_u2015-06-25
_xEDUCACION
_zUNKNOWN
_0COMPRA
_o.STAFF. Colección General
596 _a1
999 _a581.985 S72
_wDEWEY
_c41536
_i18992
_d41536
_e2015-9-14
_f2021-11-8
_g4
_lRCG
_mBUL
_n1
_r1
_sN
_tBOOK
_u2015-6-25
_xBIBLIOTECA
_zUNKNOWN
_0COMPRA
_o.STAFF. Colección General
999 _a581.985 S72
_wDEWEY
_c2
_i54022
_lLOST
_mBUL
_p12.00
_r1
_sY
_tBOOK
_u2015-6-24
_xBIBLIOTECA
_zUNKNOWN
_0COMPRA
_o.STAFF. Colección General
980 _81
_gALBERTO SANCHEZ Responsable de Automatización